000 00354pab a2200145 454500
008 180718b1989 xxu||||| |||| 00| 0 eng d
100 _aRamabrahman, I
245 _aLiteracy missions
_bReceding horizons
260 _c1989
300 _a2301-3
362 _a14 Oct.
650 _aIlliteracy
773 _aEconomic and Political Weekly
909 _a10199
999 _c10199
_d10199